<?xml version="1.0" encoding="UTF-8"?>
<record
    xmlns:xsi="http://www.w3.org/2001/XMLSchema-instance"
    xsi:schemaLocation="http://www.loc.gov/MARC21/slim http://www.loc.gov/standards/marcxml/schema/MARC21slim.xsd"
    xmlns="http://www.loc.gov/MARC21/slim">

  <leader>00475nam a22001697a 4500</leader>
  <controlfield tag="003">OSt</controlfield>
  <controlfield tag="005">20211229140313.0</controlfield>
  <controlfield tag="008">211229b        |||||||| |||| 00| 0 eng d</controlfield>
  <datafield tag="020" ind1=" " ind2=" ">
    <subfield code="a">100070621632</subfield>
  </datafield>
  <datafield tag="040" ind1=" " ind2=" ">
    <subfield code="c">HU</subfield>
  </datafield>
  <datafield tag="082" ind1=" " ind2=" ">
    <subfield code="a">005.133</subfield>
  </datafield>
  <datafield tag="100" ind1=" " ind2=" ">
    <subfield code="a">Kumar BV</subfield>
    <subfield code="9">26082</subfield>
  </datafield>
  <datafield tag="245" ind1=" " ind2=" ">
    <subfield code="a">J2EE  Architecture  An Illustrative Gateway To Enterprise Solutions: Concepts To Application Design And Deployment</subfield>
  </datafield>
  <datafield tag="260" ind1=" " ind2=" ">
    <subfield code="a">New Delhi</subfield>
    <subfield code="b">New Delhi</subfield>
  </datafield>
  <datafield tag="300" ind1=" " ind2=" ">
    <subfield code="f">520</subfield>
  </datafield>
  <datafield tag="942" ind1=" " ind2=" ">
    <subfield code="2">ddc</subfield>
    <subfield code="c">BOOKS</subfield>
    <subfield code="n">0</subfield>
  </datafield>
  <datafield tag="999" ind1=" " ind2=" ">
    <subfield code="c">25006</subfield>
    <subfield code="d">25006</subfield>
  </datafield>
  <datafield tag="952" ind1=" " ind2=" ">
    <subfield code="0">0</subfield>
    <subfield code="1">0</subfield>
    <subfield code="2">ddc</subfield>
    <subfield code="4">0</subfield>
    <subfield code="7">0</subfield>
    <subfield code="a">006</subfield>
    <subfield code="b">006</subfield>
    <subfield code="c">GEN</subfield>
    <subfield code="d">2021-12-29</subfield>
    <subfield code="l">0</subfield>
    <subfield code="o">005.133/KUM/2007</subfield>
    <subfield code="p">IOTL0001874</subfield>
    <subfield code="r">2021-12-29 00:00:00</subfield>
    <subfield code="t">1</subfield>
    <subfield code="w">2021-12-29</subfield>
    <subfield code="y">BOOKS</subfield>
  </datafield>
  <datafield tag="952" ind1=" " ind2=" ">
    <subfield code="0">0</subfield>
    <subfield code="1">0</subfield>
    <subfield code="2">ddc</subfield>
    <subfield code="4">0</subfield>
    <subfield code="7">0</subfield>
    <subfield code="a">006</subfield>
    <subfield code="b">006</subfield>
    <subfield code="c">GEN</subfield>
    <subfield code="d">2021-12-29</subfield>
    <subfield code="l">0</subfield>
    <subfield code="o">005.133/KUM/2007</subfield>
    <subfield code="p">IOTL0001875</subfield>
    <subfield code="r">2021-12-29 00:00:00</subfield>
    <subfield code="t">2</subfield>
    <subfield code="w">2021-12-29</subfield>
    <subfield code="y">BOOKS</subfield>
  </datafield>
  <datafield tag="952" ind1=" " ind2=" ">
    <subfield code="0">0</subfield>
    <subfield code="1">0</subfield>
    <subfield code="2">ddc</subfield>
    <subfield code="4">0</subfield>
    <subfield code="7">0</subfield>
    <subfield code="a">006</subfield>
    <subfield code="b">006</subfield>
    <subfield code="c">GEN</subfield>
    <subfield code="d">2021-12-29</subfield>
    <subfield code="l">0</subfield>
    <subfield code="o">005.133/KUM/2007</subfield>
    <subfield code="p">IOTL0001876</subfield>
    <subfield code="r">2021-12-29 00:00:00</subfield>
    <subfield code="t">3</subfield>
    <subfield code="w">2021-12-29</subfield>
    <subfield code="y">BOOKS</subfield>
  </datafield>
  <datafield tag="952" ind1=" " ind2=" ">
    <subfield code="0">0</subfield>
    <subfield code="1">0</subfield>
    <subfield code="2">ddc</subfield>
    <subfield code="4">0</subfield>
    <subfield code="7">0</subfield>
    <subfield code="a">006</subfield>
    <subfield code="b">006</subfield>
    <subfield code="c">GEN</subfield>
    <subfield code="d">2021-12-29</subfield>
    <subfield code="l">0</subfield>
    <subfield code="o">005.133/KUM/2007</subfield>
    <subfield code="p">IOTL0001877</subfield>
    <subfield code="r">2021-12-29 00:00:00</subfield>
    <subfield code="t">4</subfield>
    <subfield code="w">2021-12-29</subfield>
    <subfield code="y">BOOKS</subfield>
  </datafield>
  <datafield tag="952" ind1=" " ind2=" ">
    <subfield code="0">0</subfield>
    <subfield code="1">0</subfield>
    <subfield code="2">ddc</subfield>
    <subfield code="4">0</subfield>
    <subfield code="7">0</subfield>
    <subfield code="a">006</subfield>
    <subfield code="b">006</subfield>
    <subfield code="c">GEN</subfield>
    <subfield code="d">2021-12-29</subfield>
    <subfield code="l">0</subfield>
    <subfield code="o">005.133/KUM/2007</subfield>
    <subfield code="p">IOTL0001878</subfield>
    <subfield code="r">2021-12-29 00:00:00</subfield>
    <subfield code="t">5</subfield>
    <subfield code="w">2021-12-29</subfield>
    <subfield code="y">BOOKS</subfield>
  </datafield>
  <datafield tag="952" ind1=" " ind2=" ">
    <subfield code="0">0</subfield>
    <subfield code="1">0</subfield>
    <subfield code="2">ddc</subfield>
    <subfield code="4">0</subfield>
    <subfield code="7">0</subfield>
    <subfield code="a">006</subfield>
    <subfield code="b">006</subfield>
    <subfield code="c">GEN</subfield>
    <subfield code="d">2021-12-29</subfield>
    <subfield code="l">0</subfield>
    <subfield code="o">005.133/KUM/2007</subfield>
    <subfield code="p">IOTL0001879</subfield>
    <subfield code="r">2021-12-29 00:00:00</subfield>
    <subfield code="t">6</subfield>
    <subfield code="w">2021-12-29</subfield>
    <subfield code="y">BOOKS</subfield>
  </datafield>
  <datafield tag="952" ind1=" " ind2=" ">
    <subfield code="0">0</subfield>
    <subfield code="1">0</subfield>
    <subfield code="2">ddc</subfield>
    <subfield code="4">0</subfield>
    <subfield code="7">0</subfield>
    <subfield code="a">006</subfield>
    <subfield code="b">006</subfield>
    <subfield code="c">GEN</subfield>
    <subfield code="d">2021-12-29</subfield>
    <subfield code="l">0</subfield>
    <subfield code="o">005.133/KUM/2007</subfield>
    <subfield code="p">IOTL0001880</subfield>
    <subfield code="r">2021-12-29 00:00:00</subfield>
    <subfield code="t">7</subfield>
    <subfield code="w">2021-12-29</subfield>
    <subfield code="y">BOOKS</subfield>
  </datafield>
  <datafield tag="952" ind1=" " ind2=" ">
    <subfield code="0">0</subfield>
    <subfield code="1">0</subfield>
    <subfield code="2">ddc</subfield>
    <subfield code="4">0</subfield>
    <subfield code="7">0</subfield>
    <subfield code="a">006</subfield>
    <subfield code="b">006</subfield>
    <subfield code="c">GEN</subfield>
    <subfield code="d">2021-12-29</subfield>
    <subfield code="l">0</subfield>
    <subfield code="o">005.133/KUM/2007</subfield>
    <subfield code="p">IOTL0001881</subfield>
    <subfield code="r">2021-12-29 00:00:00</subfield>
    <subfield code="t">8</subfield>
    <subfield code="w">2021-12-29</subfield>
    <subfield code="y">BOOKS</subfield>
  </datafield>
</record>
